[Event "Campeonato España Sub 16"]
[Site "Salobreña"]
[Date "2017.07.24"]
[Round "1"]
[White "Sole Pijuan, Ferran"]
[Black "Clemente Chen, Alfredo"]
[Result "1-0"]
[Board "10"]
[WhiteClock "1:30"]
[WhiteElo "2216"]
[WhiteCountry "ESP"]
[WhiteFideId "32045611"]
[WhiteEloChange "2"]
[BlackClock "1:30"]
[BlackElo "1809"]
[BlackCountry "ESP"]
[BlackFideId "32066023"]
[BlackEloChange "-2"]

1. d4 {[%clk 1:30:00]} Nf6 {[%clk 1:30:00]} 2. c4 {[%clk 1:31:00]} e6 {[%clk
1:31:00]} 3. Nc3 {[%clk 1:31:00]} Bb4 {[%clk 1:31:00]} 4. e3 {[%clk 1:31:00]} b6
{[%clk 1:31:00]} 5. Ne2 {[%clk 1:27:00]} Bb7 {[%clk 1:28:00]} 6. a3 {[%clk
1:27:00]} Be7 {[%clk 1:28:00]} 7. Nf4 {[%clk 1:22:00]} d5 {[%clk 1:23:00]} 8.
cxd5 {[%clk 1:19:00]} exd5 {[%clk 1:23:00]} 9. Bd3 {[%clk 1:15:00]} O-O {[%clk
1:20:00]} 10. O-O {[%clk 1:12:00]} Na6 {[%clk 0:58:00]} 11. Qe2 {[%clk 1:06:00]}
Qc8 {[%clk 0:58:00]} 12. Ncxd5 {[%clk 0:59:00]} Nxd5 {[%clk 0:47:00]} 13. Nxd5
{[%clk 0:59:00]} Bxd5 {[%clk 0:47:00]} 14. Bxa6 {[%clk 0:58:00]} Qe6 {[%clk
0:47:00]} 15. Bd3 {[%clk 0:53:00]} Rad8 {[%clk 0:40:00]} 16. e4 {[%clk 0:51:00]}
Bb7 {[%clk 0:40:00]} 17. d5 {[%clk 0:50:00]} Qc8 {[%clk 0:36:00]} 18. Bf4 {[%clk
0:43:00]} c6 {[%clk 0:35:00]} 19. Rac1 {[%clk 0:41:00]} Qa8 {[%clk 0:35:00]} 20.
dxc6 {[%clk 0:35:00]} Bxc6 {[%clk 0:35:00]} 21. f3 {[%clk 0:35:00]} Bc5+ {[%clk
0:19:43]} 22. Be3 {[%clk 0:33:00]} Bd6 {[%clk 0:19:45]} 23. Rfd1 {[%clk 0:29:00]}
Rfe8 {[%clk 0:15:03]} 24. Bc4 {[%clk 0:23:00]} Be5 {[%clk 0:09:32]} 25. f4 {[%clk
0:18:16]} Bb8 {[%clk 0:08:37]} 26. Bxf7+ {[%clk 0:14:20]} Kxf7 {[%clk 0:08:45]}
27. Rxd8 {[%clk 0:14:41]} Rxd8 {[%clk 0:08:01]} 28. Qc4+ {[%clk 0:15:05]} Ke7
{[%clk 0:08:17]} 29. Qxc6 {[%clk 0:15:09]} Qxc6 {[%clk 0:08:34]} 30. Rxc6 {[%clk
0:15:35]} Rd3 {[%clk 0:08:57]} 31. Kf2 {[%clk 0:14:10]} Rb3 {[%clk 0:09:14]} 32.
Bc1 {[%clk 0:14:21]} Bd6 {[%clk 0:09:14]} 33. Rc3 {[%clk 0:12:26]} Rb5 {[%clk
0:09:13]} 34. b4 {[%clk 0:12:12]} Rh5 {[%clk 0:08:47]} 35. e5 {[%clk 0:12:12]}
1-0

[Event "Campeonato España Sub 16"]
[Site "Salobreña"]
[Date "2017.07.24"]
[Round "1"]
[White "Lopez Nunez, Roberto"]
[Black "Sama Salinas, Hector"]
[Result "0-1"]
[Board "11"]
[WhiteClock "n/a"]
[WhiteElo "1804"]
[WhiteCountry "ESP"]
[WhiteFideId "24536253"]
[WhiteEloChange "-2"]
[BlackClock "n/a"]
[BlackElo "2205"]
[BlackCountry "ESP"]
[BlackFideId "32086857"]
[BlackEloChange "2"]

1. Nf3 {[%clk 1:30:30]} Nf6 {[%clk 1:30:30]} 2. c4 {[%clk 1:30:30]} g6 {[%clk
1:30:30]} 3. d4 {[%clk 1:30:30]} Bg7 {[%clk 1:30:30]} 4. Nc3 {[%clk 1:30:30]} O-O
{[%clk 1:30:30]} 5. e4 {[%clk 1:30:30]} d6 {[%clk 1:30:30]} 6. h3 {[%clk
1:30:30]} e5 {[%clk 1:30:30]} 7. Be3 {[%clk 1:30:30]} exd4 {[%clk 1:30:30]} 8.
Nxd4 {[%clk 1:30:30]} Re8 {[%clk 1:30:30]} 9. Bd3 {[%clk 1:30:30]} Nbd7 {[%clk
1:30:30]} 10. b4 {[%clk 1:30:30]} a5 {[%clk 1:30:30]} 11. b5 {[%clk 1:30:30]} Nc5
{[%clk 1:30:30]} 12. Qc2 {[%clk 1:30:30]} Nxd3+ {[%clk 1:30:30]} 13. Qxd3 {[%clk
1:30:30]} Nd7 {[%clk 1:30:30]} 14. O-O {[%clk 1:30:30]} Nc5 {[%clk 1:30:30]} 15.
Qc2 {[%clk 1:30:30]} Be6 {[%clk 1:30:30]} 16. Na4 {[%clk 1:30:30]} Nxa4 {[%clk
1:30:30]} 17. Qxa4 {[%clk 1:30:30]} Qh4 {[%clk 1:30:30]} 18. Qc2 {[%clk 1:30:30]}
Bd7 {[%clk 1:30:30]} 19. f3 {[%clk 1:30:30]} f5 {[%clk 1:30:30]} 20. Bf2 {[%clk
1:30:30]} Qf4 {[%clk 1:30:30]} 21. Rae1 {[%clk 1:30:30]} fxe4 {[%clk 1:30:30]}
22. Rxe4 {[%clk 1:30:30]} Rxe4 {[%clk 1:30:30]} 23. Qxe4 {[%clk 1:30:30]} Qxe4
{[%clk 1:30:30]} 24. fxe4 {[%clk 1:30:30]} Rf8 {[%clk 1:30:30]} 25. Ne2 {[%clk
1:30:30]} Re8 {[%clk 1:30:30]} 26. Ng3 {[%clk 1:30:30]} h5 {[%clk 1:30:30]} 27.
Re1 {[%clk 1:30:30]} Be6 {[%clk 1:30:30]} 28. c5 {[%clk 1:30:30]} dxc5 {[%clk
1:30:30]} 29. Bxc5 {[%clk 1:30:30]} Bxa2 {[%clk 1:30:30]} 30. e5 {[%clk 1:30:30]}
Rxe5 {[%clk 1:30:30]} 0-1

[Event "Campeonato España Sub 16"]
[Site "Salobreña"]
[Date "2017.07.24"]
[Round "1"]
[White "Gomez Sanjuan, Hector Fernando"]
[Black "Martinez Bernardo, Aitor"]
[Result "1-0"]
[Board "12"]
[WhiteClock "1:30"]
[WhiteElo "2189"]
[WhiteCountry "ESP"]
[WhiteFideId "22274960"]
[WhiteEloChange "2"]
[BlackClock "1:30"]
[BlackElo "1803"]
[BlackCountry "ESP"]
[BlackFideId "32010109"]
[BlackEloChange "-2"]

1. d4 {[%clk 1:30:00]} Nf6 {[%clk 1:30:00]} 2. c4 {[%clk 1:31:00]} g6 {[%clk
1:31:00]} 3. Nc3 {[%clk 1:31:00]} d5 {[%clk 1:31:00]} 4. cxd5 {[%clk 1:31:00]}
Nxd5 {[%clk 1:31:00]} 5. e4 {[%clk 1:32:00]} Nxc3 {[%clk 1:32:00]} 6. bxc3 {[%clk
1:32:00]} Bg7 {[%clk 1:32:00]} 7. Nf3 {[%clk 1:32:00]} c5 {[%clk 1:32:00]} 8. h3
{[%clk 1:32:00]} O-O {[%clk 1:32:00]} 9. Be2 {[%clk 1:33:00]} Nc6 {[%clk
1:32:00]} 10. Be3 {[%clk 1:32:00]} Qa5 {[%clk 1:31:00]} 11. O-O {[%clk 1:32:00]}
Qxc3 {[%clk 1:20:00]} 12. Rc1 {[%clk 1:32:00]} Qa5 {[%clk 1:21:00]} 13. Rxc5
{[%clk 1:23:00]} Qxa2 {[%clk 1:08:00]} 14. d5 {[%clk 1:11:00]} Ne5 {[%clk
1:03:00]} 15. Nxe5 {[%clk 1:07:00]} Bxe5 {[%clk 1:03:00]} 16. f4 {[%clk 1:05:00]}
Bg7 {[%clk 1:00:00]} 17. Rc7 {[%clk 1:00:00]} Qa5 {[%clk 0:54:00]} 18. Qc2 {[%clk
0:58:00]} Re8 {[%clk 0:48:00]} 19. Rb1 {[%clk 0:52:00]} Bf8 {[%clk 0:44:00]} 20.
Bd4 {[%clk 0:42:00]} a6 {[%clk 0:40:00]} 21. Ra1 {[%clk 0:41:00]} Qb4 {[%clk
0:39:00]} 22. Bc5 {[%clk 0:41:00]} 1-0

[Event "Campeonato España Sub 16"]
[Site "Salobreña"]
[Date "2017.07.24"]
[Round "1"]
[White "Martin Rodriguez, Pablo"]
[Black "Orantes Taboada, Francisco"]
[Result "0-1"]
[Board "13"]
[WhiteClock "1:30"]
[WhiteElo "1801"]
[WhiteCountry "ESP"]
[WhiteFideId "24518875"]
[WhiteEloChange "-2"]
[BlackClock "1:30"]
[BlackTitle "FM"]
[BlackElo "2183"]
[BlackCountry "ESP"]
[BlackFideId "22274758"]
[BlackEloChange "2"]

1. d4 {[%clk 1:30:00]} Nf6 {[%clk 1:30:00]} 2. c4 {[%clk 1:31:00]} g6 {[%clk
1:30:00]} 3. d5 {[%clk 1:31:00]} Bg7 {[%clk 1:27:00]} 4. Nc3 {[%clk 1:30:00]} c6
{[%clk 1:27:00]} 5. e4 {[%clk 1:24:00]} O-O {[%clk 1:27:00]} 6. g3 {[%clk
1:22:00]} d6 {[%clk 1:24:00]} 7. Bg2 {[%clk 1:22:00]} e6 {[%clk 1:24:00]} 8. Nge2
{[%clk 1:16:00]} exd5 {[%clk 1:24:00]} 9. exd5 {[%clk 1:16:00]} Ng4 {[%clk
1:22:00]} 10. O-O {[%clk 1:14:00]} Ne5 {[%clk 1:22:00]} 11. b3 {[%clk 1:11:00]}
Bg4 {[%clk 1:22:00]} 12. Bb2 {[%clk 1:09:00]} Re8 {[%clk 1:20:00]} 13. Qc2 {[%clk
0:52:00]} Nf3+ {[%clk 1:15:00]} 14. Kh1 {[%clk 0:52:00]} Qg5 {[%clk 1:14:00]} 15.
h3 {[%clk 0:39:00]} Qh6 {[%clk 1:13:00]} 16. Qc1 {[%clk 0:30:00]} g5 {[%clk
1:08:00]} 17. Ng1 {[%clk 0:27:00]} Nxg1 {[%clk 0:54:00]} 18. Kxg1 {[%clk
0:28:00]} Bxh3 {[%clk 0:55:00]} 19. Bxh3 {[%clk 0:24:00]} Qxh3 {[%clk 0:55:00]}
20. Qxg5 {[%clk 0:24:00]} Nd7 {[%clk 0:48:00]} 21. Qh4 {[%clk 0:11:04]} Qf5
{[%clk 0:42:00]} 22. dxc6 {[%clk 0:07:29]} bxc6 {[%clk 0:42:00]} 23. Qf4 {[%clk
0:07:00]} Qg6 {[%clk 0:41:00]} 24. Rad1 {[%clk 0:06:07]} Ne5 {[%clk 0:36:00]} 25.
Qe4 {[%clk 0:03:25]} f5 {[%clk 0:32:00]} 26. Qg2 {[%clk 0:02:38]} f4 {[%clk
0:31:00]} 27. Rfe1 {[%clk 0:01:16]} f3 {[%clk 0:29:00]} 28. Qh3 {[%clk 0:01:25]}
Nd3 {[%clk 0:20:00]} 29. Rxe8+ {[%clk 0:01:36]} Rxe8 {[%clk 0:20:00]} 30. Ba1
{[%clk 0:01:57]} Bxc3 {[%clk 0:20:00]} 31. Bxc3 {[%clk 0:02:19]} Nf4 {[%clk
0:21:00]} 32. Qd7 {[%clk 0:00:47]} Ne2+ {[%clk 0:21:00]} 0-1

[Event "Campeonato España Sub 16"]
[Site "Salobreña"]
[Date "2017.07.24"]
[Round "1"]
[White "Callejas Rojas, Francisco Miguel"]
[Black "Gonzalez Eiris, Daniel"]
[Result "1-0"]
[Board "14"]
[WhiteClock "1:30"]
[WhiteElo "2164"]
[WhiteCountry "ESP"]
[WhiteFideId "32072503"]
[WhiteEloChange "2"]
[BlackClock "1:30"]
[BlackElo "1799"]
[BlackCountry "ESP"]
[BlackFideId "32066643"]
[BlackEloChange "-2"]

1. d4 {[%clk 1:30:00]} e6 {[%clk 1:30:00]} 2. c4 {[%clk 1:31:00]} Nf6 {[%clk
1:31:00]} 3. Nc3 {[%clk 1:31:00]} Bb4 {[%clk 1:31:00]} 4. Qc2 {[%clk 1:32:00]} b6
{[%clk 1:32:00]} 5. a3 {[%clk 1:31:00]} Bxc3+ {[%clk 1:32:00]} 6. Qxc3 {[%clk
1:32:00]} Bb7 {[%clk 1:32:00]} 7. f3 {[%clk 1:32:00]} c5 {[%clk 1:27:00]} 8. dxc5
{[%clk 1:27:00]} bxc5 {[%clk 1:27:00]} 9. Bf4 {[%clk 1:25:00]} Qb6 {[%clk
1:09:00]} 10. Be5 {[%clk 1:15:00]} Ke7 {[%clk 0:56:00]} 11. Rd1 {[%clk 1:02:00]}
d5 {[%clk 0:57:00]} 12. Bxf6+ {[%clk 0:47:00]} gxf6 {[%clk 0:57:00]} 13. cxd5
{[%clk 0:48:00]} Bxd5 {[%clk 0:56:00]} 14. Nh3 {[%clk 0:43:00]} Bb3 {[%clk
0:46:00]} 15. Rc1 {[%clk 0:40:00]} c4 {[%clk 0:46:00]} 16. e3 {[%clk 0:37:00]}
Nd7 {[%clk 0:36:00]} 17. Be2 {[%clk 0:36:00]} Ne5 {[%clk 0:32:00]} 18. f4 {[%clk
0:31:00]} Nd3+ {[%clk 0:30:00]} 19. Bxd3 {[%clk 0:31:00]} cxd3 {[%clk 0:30:00]}
20. Qc7+ {[%clk 0:28:00]} Kf8 {[%clk 0:19:12]} 21. Qxb6 {[%clk 0:26:00]} axb6
{[%clk 0:19:37]} 22. Rc3 {[%clk 0:26:00]} Bd5 {[%clk 0:13:39]} 23. Rg1 {[%clk
0:26:00]} Rg8 {[%clk 0:13:50]} 24. g3 {[%clk 0:26:00]} Be4 {[%clk 0:14:23]} 25.
Nf2 {[%clk 0:26:00]} f5 {[%clk 0:14:44]} 26. Nxd3 {[%clk 0:26:00]} Rd8 {[%clk
0:14:38]} 27. Ke2 {[%clk 0:24:00]} Bxd3+ {[%clk 0:11:49]} 28. Rxd3 {[%clk
0:24:00]} Rxd3 {[%clk 0:12:12]} 29. Kxd3 {[%clk 0:25:00]} Ke7 {[%clk 0:12:41]}
30. Rc1 {[%clk 0:25:00]} Rd8+ {[%clk 0:13:09]} 31. Ke2 {[%clk 0:25:00]} Rd6
{[%clk 0:11:37]} 32. Rc3 {[%clk 0:19:01]} b5 {[%clk 0:07:14]} 33. Rc7+ {[%clk
0:18:12]} Kf6 {[%clk 0:07:38]} 34. Rc5 {[%clk 0:18:43]} Rb6 {[%clk 0:07:28]} 35.
Kd3 {[%clk 0:18:55]} b4 {[%clk 0:06:48]} 36. a4 {[%clk 0:18:28]} Ra6 {[%clk
0:07:00]} 37. a5 {[%clk 0:18:49]} Rd6+ {[%clk 0:06:58]} 38. Kc2 {[%clk 0:18:59]}
b3+ {[%clk 0:07:13]} 39. Kxb3 {[%clk 0:19:11]} Rd3+ {[%clk 0:07:01]} 40. Rc3
{[%clk 0:18:46]} Rd5 {[%clk 0:07:11]} 41. Kb4 {[%clk 0:18:37]} Rd2 {[%clk
0:07:37]} 42. Rb3 {[%clk 0:18:42]} Rxh2 {[%clk 0:07:30]} 43. a6 {[%clk 0:19:03]}
Rd2 {[%clk 0:07:44]} 44. a7 {[%clk 0:19:03]} 1-0

[Event "Campeonato España Sub 16"]
[Site "Salobreña"]
[Date "2017.07.24"]
[Round "1"]
[White "Reboredo Martinez, Claudio"]
[Black "Baquedano Coarasa, Pablo"]
[Result "0-1"]
[Board "15"]
[WhiteClock "1:30"]
[WhiteElo "1796"]
[WhiteCountry "ESP"]
[WhiteFideId "24557153"]
[WhiteEloChange "-2"]
[BlackClock "1:30"]
[BlackElo "2151"]
[BlackCountry "ESP"]
[BlackFideId "32024991"]
[BlackEloChange "2"]

1. e4 {[%clk 1:30:00]} c5 {[%clk 1:30:00]} 2. Nf3 {[%clk 1:31:00]} d6 {[%clk
1:31:00]} 3. d4 {[%clk 1:31:00]} cxd4 {[%clk 1:31:00]} 4. Nxd4 {[%clk 1:32:00]}
Nf6 {[%clk 1:32:00]} 5. Nc3 {[%clk 1:32:00]} a6 {[%clk 1:32:00]} 6. Be2 {[%clk
1:27:00]} e5 {[%clk 1:32:00]} 7. Nb3 {[%clk 1:28:00]} Be7 {[%clk 1:32:00]} 8. O-O
{[%clk 1:28:00]} O-O {[%clk 1:32:00]} 9. Be3 {[%clk 1:26:00]} Nbd7 {[%clk
1:28:00]} 10. a4 {[%clk 1:25:00]} b6 {[%clk 1:28:00]} 11. f3 {[%clk 1:25:00]} Bb7
{[%clk 1:27:00]} 12. Bc4 {[%clk 1:23:00]} Qc7 {[%clk 1:19:00]} 13. Bd5 {[%clk
1:18:00]} Nxd5 {[%clk 1:19:00]} 14. Nxd5 {[%clk 1:16:00]} Bxd5 {[%clk 1:20:00]}
15. exd5 {[%clk 1:16:00]} Rfc8 {[%clk 1:08:00]} 16. Rc1 {[%clk 1:15:00]} Qc4
{[%clk 1:07:00]} 17. a5 {[%clk 1:14:00]} b5 {[%clk 1:07:00]} 18. Qd2 {[%clk
1:13:00]} Bd8 {[%clk 1:02:00]} 19. f4 {[%clk 1:04:00]} Bf6 {[%clk 0:51:00]} 20.
fxe5 {[%clk 0:57:00]} Bxe5 {[%clk 0:51:00]} 21. Bd4 {[%clk 0:56:00]} Qxd5 {[%clk
0:42:00]} 22. Qf2 {[%clk 0:55:00]} Nf6 {[%clk 0:41:00]} 23. Bxe5 {[%clk 0:53:00]}
dxe5 {[%clk 0:38:00]} 24. Qf5 {[%clk 0:51:00]} e4 {[%clk 0:30:00]} 25. Qxd5
{[%clk 0:51:00]} Nxd5 {[%clk 0:30:00]} 26. Rf5 {[%clk 0:50:00]} Nb4 {[%clk
0:17:57]} 27. Rf4 {[%clk 0:43:00]} Rc4 {[%clk 0:14:44]} 28. Nd2 {[%clk 0:41:00]}
Rxc2 {[%clk 0:15:06]} 29. Rxc2 {[%clk 0:41:00]} Nxc2 {[%clk 0:15:27]} 30. Rxe4
{[%clk 0:41:00]} Kf8 {[%clk 0:15:22]} 31. b4 {[%clk 0:39:00]} Re8 {[%clk
0:15:26]} 32. Rf4 {[%clk 0:38:00]} Re3 {[%clk 0:10:11]} 33. Kf2 {[%clk 0:36:00]}
f6 {[%clk 0:06:40]} 34. h4 {[%clk 0:30:00]} Kf7 {[%clk 0:06:40]} 35. Ne4 {[%clk
0:30:00]} Rb3 {[%clk 0:06:40]} 36. Nc5 {[%clk 0:30:00]} Rxb4 {[%clk 0:06:40]} 37.
g3 {[%clk 0:30:00]} Rxf4+ {[%clk 0:06:40]} 38. gxf4 {[%clk 0:30:00]} Nb4 {[%clk
0:06:40]} 0-1

[Event "Campeonato España Sub 16"]
[Site "Salobreña"]
[Date "2017.07.24"]
[Round "1"]
[White "Martinez Fernandez, Adrian"]
[Black "Ruiz Gonzalez, Jorge"]
[Result "1-0"]
[Board "16"]
[WhiteClock "1:30"]
[WhiteElo "2111"]
[WhiteCountry "ESP"]
[WhiteFideId "32049048"]
[WhiteEloChange "2"]
[BlackClock "1:30"]
[BlackElo "1765"]
[BlackCountry "ESP"]
[BlackFideId "24536458"]
[BlackEloChange "-2"]

1. e4 {[%clk 1:30:00]} c5 {[%clk 1:30:00]} 2. Nf3 {[%clk 1:31:00]} d6 {[%clk
1:31:00]} 3. c3 {[%clk 1:31:00]} Nf6 {[%clk 1:31:00]} 4. Be2 {[%clk 1:32:00]} g6
{[%clk 1:31:00]} 5. O-O {[%clk 1:31:00]} Bg7 {[%clk 1:31:00]} 6. Re1 {[%clk
1:31:00]} O-O {[%clk 1:31:00]} 7. Bf1 {[%clk 1:31:00]} Nc6 {[%clk 1:32:00]} 8. h3
{[%clk 1:31:00]} Qb6 {[%clk 1:19:00]} 9. Na3 {[%clk 1:22:00]} d5 {[%clk 1:09:00]}
10. e5 {[%clk 1:18:00]} Ne8 {[%clk 1:08:00]} 11. d3 {[%clk 0:58:00]} Nc7 {[%clk
1:02:00]} 12. c4 {[%clk 0:57:00]} Be6 {[%clk 0:52:00]} 13. Qe2 {[%clk 0:51:00]}
Rad8 {[%clk 0:48:00]} 14. Bf4 {[%clk 0:46:00]} dxc4 {[%clk 0:44:00]} 15. dxc4
{[%clk 0:44:00]} Bf5 {[%clk 0:36:00]} 16. Rad1 {[%clk 0:31:00]} Ne6 {[%clk
0:36:00]} 17. Rxd8 {[%clk 0:31:00]} Rxd8 {[%clk 0:36:00]} 18. Bc1 {[%clk
0:31:00]} Ned4 {[%clk 0:33:00]} 19. Nxd4 {[%clk 0:31:00]} Rxd4 {[%clk 0:32:00]}
20. f4 {[%clk 0:29:00]} Qd8 {[%clk 0:27:00]} 21. Nb5 {[%clk 0:25:00]} Bd3 {[%clk
0:18:22]} 22. Qf3 {[%clk 0:23:00]} Rd7 {[%clk 0:17:32]} 23. Be3 {[%clk 0:20:00]}
Bxf1 {[%clk 0:17:30]} 24. Qxf1 {[%clk 0:19:10]} a6 {[%clk 0:17:43]} 25. Nc3
{[%clk 0:19:18]} Nd4 {[%clk 0:17:39]} 26. Qf2 {[%clk 0:17:37]} b6 {[%clk
0:16:10]} 27. Rd1 {[%clk 0:16:57]} Nf5 {[%clk 0:16:23]} 28. Rxd7 {[%clk 0:15:24]}
Qxd7 {[%clk 0:16:30]} 29. Nd5 {[%clk 0:13:45]} Qd8 {[%clk 0:14:27]} 30. g4 {[%clk
0:08:26]} Nxe3 {[%clk 0:14:33]} 31. Qxe3 {[%clk 0:08:49]} e6 {[%clk 0:14:44]} 32.
Nc3 {[%clk 0:09:14]} f6 {[%clk 0:13:23]} 33. exf6 {[%clk 0:08:11]} Qxf6 {[%clk
0:13:41]} 34. Kg2 {[%clk 0:08:19]} e5 {[%clk 0:12:34]} 35. Nd5 {[%clk 0:07:39]}
Qd6 {[%clk 0:12:28]} 36. f5 {[%clk 0:06:07]} gxf5 {[%clk 0:12:15]} 37. gxf5
{[%clk 0:06:35]} Qh6 {[%clk 0:12:18]} 38. Qxh6 {[%clk 0:06:41]} Bxh6 {[%clk
0:12:47]} 39. Nxb6 {[%clk 0:06:58]} Be3 {[%clk 0:11:53]} 40. Kf3 {[%clk 0:06:56]}
Bd4 {[%clk 0:12:20]} 41. b3 {[%clk 0:07:19]} Kf7 {[%clk 0:12:43]} 42. Ke4 {[%clk
0:07:32]} Ke7 {[%clk 0:11:53]} 43. Nd5+ {[%clk 0:07:20]} Kd6 {[%clk 0:11:22]} 44.
Nf6 {[%clk 0:06:06]} h6 {[%clk 0:11:44]} 45. Ng4 {[%clk 0:06:25]} h5 {[%clk
0:12:02]} 46. Nf6 {[%clk 0:06:49]} h4 {[%clk 0:12:21]} 47. Ng4 {[%clk 0:07:12]}
Bc3 {[%clk 0:11:54]} 48. Nh2 {[%clk 0:07:14]} Be1 {[%clk 0:12:00]} 49. Nf3 {[%clk
0:07:37]} Bg3 {[%clk 0:12:26]} 50. a3 {[%clk 0:07:55]} a5 {[%clk 0:12:10]} 51. a4
{[%clk 0:07:55]} 1-0

[Event "Campeonato España Sub 16"]
[Site "Salobreña"]
[Date "2017.07.24"]
[Round "1"]
[White "Fuentes Perez, Noe"]
[Black "Munoz Pelaez, Manuel"]
[Result "1/2-1/2"]
[Board "17"]
[WhiteClock "1:30"]
[WhiteElo "1736"]
[WhiteCountry "ESP"]
[WhiteFideId "24536334"]
[WhiteEloChange "8"]
[BlackClock "1:30"]
[BlackElo "2104"]
[BlackCountry "ESP"]
[BlackFideId "22274723"]
[BlackEloChange "-8"]

1. b3 {[%clk 1:30:00]} d5 {[%clk 1:28:00]} 2. Bb2 {[%clk 1:31:00]} Nf6 {[%clk
1:28:00]} 3. e3 {[%clk 1:31:00]} Bf5 {[%clk 1:27:00]} 4. Nf3 {[%clk 1:31:00]}
Nbd7 {[%clk 1:26:00]} 5. c4 {[%clk 1:30:00]} e6 {[%clk 1:25:00]} 6. Nc3 {[%clk
1:27:00]} c6 {[%clk 1:24:00]} 7. Be2 {[%clk 1:25:00]} h6 {[%clk 1:21:00]} 8. Rc1
{[%clk 1:24:00]} Bd6 {[%clk 1:16:00]} 9. d4 {[%clk 1:17:00]} O-O {[%clk 1:12:00]}
10. O-O {[%clk 1:16:00]} Bh7 {[%clk 1:07:00]} 11. Ne1 {[%clk 0:58:00]} Ne4 {[%clk
0:47:00]} 12. Nd3 {[%clk 0:47:00]} f5 {[%clk 0:38:00]} 13. c5 {[%clk 0:38:00]}
Bc7 {[%clk 0:38:00]} 14. f4 {[%clk 0:34:00]} g5 {[%clk 0:34:00]} 15. b4 {[%clk
0:32:00]} a6 {[%clk 0:34:00]} 16. a4 {[%clk 0:31:00]} Kh8 {[%clk 0:30:00]} 17.
Nxe4 {[%clk 0:24:00]} fxe4 {[%clk 0:28:00]} 18. Ne5 {[%clk 0:24:00]} gxf4 {[%clk
0:23:00]} 19. exf4 {[%clk 0:22:00]} Qe7 {[%clk 0:23:00]} 20. Qb3 {[%clk 0:17:49]}
Rg8 {[%clk 0:18:57]} 21. Qh3 {[%clk 0:15:31]} Bxe5 {[%clk 0:13:47]} 22. fxe5
{[%clk 0:14:45]} Qg7 {[%clk 0:14:04]} 23. Rf4 {[%clk 0:13:00]} Bf5 {[%clk
0:10:25]} 24. Bg4 {[%clk 0:13:12]} Raf8 {[%clk 0:08:24]} 25. Bxf5 {[%clk
0:12:22]} Rxf5 {[%clk 0:07:14]} 26. Rh4 {[%clk 0:07:02]} Kh7 {[%clk 0:06:59]} 27.
Rf1 {[%clk 0:07:00]} Rxf1+ {[%clk 0:05:49]} 28. Kxf1 {[%clk 0:07:27]} Qg5 {[%clk
0:05:41]} 29. g3 {[%clk 0:02:58]} Qd2 {[%clk 0:03:53]} 30. Qxe6 {[%clk 0:01:12]}
Qd3+ {[%clk 0:01:58]} 31. Kg1 {[%clk 0:00:39]} Qd1+ {[%clk 0:01:16]} 32. Kg2
{[%clk 0:00:56]} Qe2+ {[%clk 0:01:25]} 33. Kg1 {[%clk 0:01:17]} Qd1+ {[%clk
0:00:53]} 34. Kg2 {[%clk 0:01:17]} 1/2-1/2

[Event "Campeonato España Sub 16"]
[Site "Salobreña"]
[Date "2017.07.24"]
[Round "1"]
[White "Fernandez Camello, Alejandro"]
[Black "Reyes Lopez, Angel"]
[Result "1-0"]
[Board "18"]
[WhiteClock "1:30"]
[WhiteElo "2097"]
[WhiteCountry "ESP"]
[WhiteFideId "32038992"]
[WhiteEloChange "2"]
[BlackClock "1:30"]
[BlackElo "1729"]
[BlackCountry "ESP"]
[BlackFideId "24552356"]
[BlackEloChange "-2"]

1. Nf3 {[%clk 1:30:00]} Nf6 {[%clk 1:30:00]} 2. c4 {[%clk 1:31:00]} g6 {[%clk
1:30:00]} 3. Nc3 {[%clk 1:31:00]} Bg7 {[%clk 1:31:00]} 4. e4 {[%clk 1:32:00]} d6
{[%clk 1:31:00]} 5. d4 {[%clk 1:32:00]} O-O {[%clk 1:32:00]} 6. Be2 {[%clk
1:33:00]} e5 {[%clk 1:31:00]} 7. O-O {[%clk 1:33:00]} Nc6 {[%clk 1:31:00]} 8. d5
{[%clk 1:34:00]} Ne7 {[%clk 1:31:00]} 9. b4 {[%clk 1:34:00]} Nd7 {[%clk 1:29:00]}
10. Nd2 {[%clk 1:34:00]} f5 {[%clk 1:29:00]} 11. c5 {[%clk 1:34:00]} Nf6 {[%clk
1:25:00]} 12. f3 {[%clk 1:34:00]} f4 {[%clk 1:24:00]} 13. Nc4 {[%clk 1:34:00]} g5
{[%clk 1:23:00]} 14. a4 {[%clk 1:34:00]} h5 {[%clk 1:21:00]} 15. Ba3 {[%clk
1:34:00]} Ne8 {[%clk 1:16:00]} 16. b5 {[%clk 1:34:00]} Rf6 {[%clk 1:05:00]} 17.
a5 {[%clk 1:33:00]} b6 {[%clk 0:53:00]} 18. axb6 {[%clk 1:31:00]} axb6 {[%clk
0:53:00]} 19. cxb6 {[%clk 1:31:00]} cxb6 {[%clk 0:53:00]} 20. Bb4 {[%clk
1:28:00]} Rb8 {[%clk 0:47:00]} 21. Na4 {[%clk 1:05:00]} Rg6 {[%clk 0:44:00]} 22.
Naxb6 {[%clk 1:05:00]} g4 {[%clk 0:36:00]} 23. Nxc8 {[%clk 1:04:00]} Qxc8 {[%clk
0:34:00]} 24. Na5 {[%clk 1:03:00]} Qd7 {[%clk 0:27:00]} 25. Nc6 {[%clk 1:02:00]}
Rb7 {[%clk 0:27:00]} 26. Ra8 {[%clk 1:02:00]} Nc8 {[%clk 0:24:00]} 27. b6 {[%clk
0:54:00]} Nxb6 {[%clk 0:20:00]} 28. Rd8 {[%clk 0:54:00]} Qf7 {[%clk 0:20:00]} 29.
fxg4 {[%clk 0:54:00]} h4 {[%clk 0:11:12]} 30. Ba6 {[%clk 0:52:00]} Rd7 {[%clk
0:10:40]} 31. Rb8 {[%clk 0:52:00]} 1-0

[Event "Campeonato España Sub 16"]
[Site "Salobreña"]
[Date "2017.07.24"]
[Round "1"]
[White "Sempere Domenech, Abel"]
[Black "Garcia Sancho, Josep"]
[Result "0-1"]
[Board "19"]
[WhiteClock "1:30"]
[WhiteElo "1723"]
[WhiteCountry "ESP"]
[WhiteFideId "24508470"]
[WhiteEloChange "-2"]
[BlackClock "1:30"]
[BlackElo "2092"]
[BlackCountry "ESP"]
[BlackFideId "32010168"]
[BlackEloChange "2"]

1. Nf3 {[%clk 1:30:00]} Nf6 {[%clk 1:30:00]} 2. b3 {[%clk 1:30:00]} d5 {[%clk
1:30:00]} 3. Bb2 {[%clk 1:30:00]} Bf5 {[%clk 1:28:00]} 4. e3 {[%clk 1:29:00]} e6
{[%clk 1:28:00]} 5. Be2 {[%clk 1:28:00]} Nbd7 {[%clk 1:29:00]} 6. O-O {[%clk
1:28:00]} Bd6 {[%clk 1:29:00]} 7. d4 {[%clk 1:25:00]} c6 {[%clk 1:23:00]} 8. Ne5
{[%clk 1:21:00]} Qc7 {[%clk 1:23:00]} 9. f4 {[%clk 1:19:00]} Bg6 {[%clk 1:15:00]}
10. Nd2 {[%clk 1:10:00]} Ne4 {[%clk 1:13:00]} 11. c4 {[%clk 1:06:00]} f6 {[%clk
1:12:00]} 12. Nd3 {[%clk 1:00:00]} O-O {[%clk 1:06:00]} 13. cxd5 {[%clk 0:55:00]}
exd5 {[%clk 1:05:00]} 14. Rc1 {[%clk 0:49:00]} Rfe8 {[%clk 1:04:00]} 15. b4
{[%clk 0:42:00]} Re7 {[%clk 0:55:00]} 16. Nxe4 {[%clk 0:40:00]} Rxe4 {[%clk
0:55:00]} 17. Qd2 {[%clk 0:38:00]} Rae8 {[%clk 0:55:00]} 18. Bf3 {[%clk 0:35:00]}
Rxe3 {[%clk 0:55:00]} 19. Bxd5+ {[%clk 0:35:00]} Kh8 {[%clk 0:55:00]} 20. Rfe1
{[%clk 0:34:00]} Rxe1+ {[%clk 0:54:00]} 21. Rxe1 {[%clk 0:29:00]} Rxe1+ {[%clk
0:55:00]} 22. Nxe1 {[%clk 0:28:00]} cxd5 {[%clk 0:55:00]} 0-1